000 00811nam a2200265Ia 4500
003 OSt
005 20240522094835.0
008 210210b2008 xxu||||| |||| 00| 0 eng d
020 _a8188554332
040 _cAL
041 _aHindi
082 _aH891.9 KHAA
100 _aKHARATE (Madhu)
_dमधु खराटे
_9166540
245 _aAnusandhan pravidhi aur prakriya
_bअनुसंधान प्राविधि और प्रक्रिया
260 _aKanpur
_bVidya Prakashan
_c2008
300 _a144
650 _apravidhi
_9166541
650 _aprakriya
_9166542
650 _aaur
_9166543
650 _aAnusandhan
_9166544
690 _aHindi Criticism
_9166545
700 _aDEVRE (Shivaji)
_d शिवजी देवरे
_9166546
906 _a063522
942 _2ddc
_cBK
999 _c136895
_d136895